000 01141cam a2200325 i 4500
001 41184
003 Mx-PuUPA
005 20250613144209.0
008 140415s2001 mx a gr 001 0 spa d
020 _a9706252924
040 _aMx-PuUPA
_bspa
_cMx-PuUPA
_dMx-PuUPA
_erda
041 0 _aspa
100 1 _aKras, Eva S.,
_q(Eva Simonsen)
_916769
_eautor
245 1 3 _aLa administración mexicana en transición /
_cEva S. de Kras
250 _aSegunda edición
264 1 _aMéxico, D.F. :
_bGrupo Editorial Iberoamérica,
_c©2001
300 _axv, 129 páginas :
_bilustraciones ;
_c23 cm
336 _2rdacontent
_atexto
_btxt
337 _2rdamedia
_asin medio
_bn
338 _2rdacarrier
_avolumen
_bnc
490 0 _aAlta Gerencia
650 7 _2armarc
_aAdministración
_zMéxico
650 7 _2armarc
_aAdministración
_xEstudio de casos
_zMéxico
650 7 _2armarc
_aEmpresas comerciales
_xOrganización, control, etc.
942 _2ddc
_cLI
_h658.00972
_iK85
999 _c41184
_d41184